Statistics for Biggest Cities in Korea

Click here to take the quiz!

General Stats

  • This quiz has been taken 14 times
  • The average score is 6 of 20

Answer Stats

CountryCity% Correct
South KoreaSeoul
100%
North KoreaPyongyang
93%
South KoreaBusan
86%
South KoreaDaegu
64%
South KoreaIncheon
57%
South KoreaGwangju
43%
South KoreaUlsan
36%
South KoreaDaejeon
29%
North KoreaHamhung
29%
South KoreaSuwon
29%
South KoreaBucheon
7%
NamyangjuJeonju
7%
South KoreaAnsan
0%
South KoreaCheongju
0%
North KoreaChongjin
0%
South KoreaChongwan
0%
South KoreaGoyang
0%
NamyangjuNamyangju
0%
South KoreaSeongnam
0%
South KoreaYongin
0%

Score Distribution

Percentile by Number Answered

Percent of People with Each Score

Your Score History

You have not taken this quiz